| 000 | 00474nam a2200169Ia 4500 | ||
|---|---|---|---|
| 008 | 230718s9999 xx 000 0 und d | ||
| 020 | _a9788121924986 | ||
| 041 | _aeng | ||
| 082 |
_a372.4 _bAGG |
||
| 100 | _aAggarwal R.S. | ||
| 245 |
_aQuantitative Aptitude _bFor Competitive Examination (Fully Solved) |
||
| 260 |
_c2014 _bS. Chand |
||
| 300 | _a726 | ||
| 365 |
_cRs. _b550.00 |
||
| 700 | _aAggarwal R.S. | ||
| 906 |
_dO:0511107-Jun-2016B:IN 14025-May-2016 _cGENRL _b363 |
||
| 999 |
_c342143 _d342143 |
||